000 00420pab a2200169 454500
008 180718b2008 xxu||||| |||| 00| 0 eng d
100 _aChakraborty, Sudip
245 _aUniversal child rights in the discourse on child labour
260 _c2008
300 _ap.381-92.
362 _aOct-Dec
650 _aChild labour
650 _aRights of the child
773 _aSocial Action
908 _aN
909 _a80120
999 _c80120
_d80120